|
|
|
|
| LEADER |
02793nas a2200541 a 4500 |
| 001 |
c000151060 |
| 003 |
CARM |
| 005 |
20020205155158.0 |
| 008 |
770202d19761988miuqrz a 0 0a0eng d |
| 010 |
|
|
|a 83643577 //r902
|z sn 79018524
|
| 019 |
1 |
|
|a 2884295
|5 LACONCORD2021
|
| 022 |
0 |
|
|a 0307-6075
|
| 030 |
|
|
|a DAICDG
|
| 035 |
|
|
|a (OCoLC)2715966
|5 LACONCORD2021
|
| 042 |
|
|
|a lc
|a nsdp
|
| 043 |
|
|
|a e------
|
| 050 |
0 |
0 |
|a Z5053
|b .D574
|
| 060 |
0 |
|
|a Z 5053 D613
|
| 210 |
|
|
|a Diss. abstr. int. C.
|
| 222 |
|
0 |
|a Dissertation abstracts international. C. European abstracts
|
| 245 |
0 |
0 |
|a Dissertation abstracts international.
|n C,
|p European abstracts.
|
| 246 |
1 |
0 |
|a European abstracts
|
| 260 |
|
|
|a Ann Arbor, Mich. :
|b University Microfilms International,
|c 1976-1988.
|
| 300 |
|
|
|a 13 v. ;
|c 28 cm.
|
| 310 |
|
|
|a Quarterly
|
| 362 |
0 |
|
|a Vol. 37, no. 1 (autumn 1976)-v. 49, no. 4 (winter 1988).
|
| 500 |
|
|
|a "Abstracts of dissertations submitted for doctoral and postdoctoral degrees at European institutions."
|
| 510 |
2 |
|
|a Chemical abstracts
|x 0009-2258
|
| 510 |
2 |
|
|a GeoRef
|x 0197-7482
|
| 510 |
2 |
|
|a MLA international bibliography of books and articles on the modern languages and literatures (Complete edition)
|x 0024-8215
|
| 515 |
|
|
|a Numbered in parallel with the other sections of Dissertation abstracts international.
|
| 580 |
|
|
|a Issued also on CD-ROM (without abstracts, autumn 1976-<spring 1980>) as part of: Dissertation abstracts ondisc.
|
| 650 |
|
0 |
|a Dissertations, Academic
|z Europe
|x Abstracts
|x Periodicals.
|
| 650 |
|
2 |
|a Dissertations, Academic
|x abstracts.
|
| 710 |
2 |
0 |
|a University Microfilms International.
|
| 775 |
1 |
|
|t Dissertation abstracts ondisc
|x 1064-4687
|w (DLC) 92644443
|w (OCoLC)20167130
|
| 785 |
0 |
0 |
|t Dissertation abstracts international. C, Worldwide
|x 1042-7279
|w (DLC) 89662278
|w (OCoLC)19132490
|
| 852 |
8 |
|
|b CARM
|h A2:AN36E0
|i D04928
|p 0194494
|f SE
|
| 852 |
8 |
|
|b CARM
|h A2:AN30D0
|i D04916
|p 0194493
|f SE
|
| 852 |
8 |
|
|b CARM
|h A2:AN28D0
|i D04910
|p 0194495
|f SE
|
| 866 |
|
0 |
|a 44:1(1983:3)-46:4(1985:12), 47:1(1986:Spr.)-49:4(1988:Win.)
|
| 866 |
|
0 |
|a 44:1(1983:3)-46:4(1985:12), 47:1(1986:Spr.)-49:4(1988:Win.)
|
| 082 |
0 |
4 |
|a 013/.379/094
|2 19
|
| 265 |
|
|
|a University Microfilms International, Ann Arbor, MI 48106
|
| 999 |
f |
f |
|i faf16919-b675-5e85-9fef-2e1c6b6121c5
|s e9c89c55-ee35-55b4-b882-38c6cc98427a
|
| 952 |
f |
f |
|p Can circulate
|a CAVAL
|b CAVAL
|c CAVAL
|d CARM 1 Store
|e D04916
|f A2:AN30D0
|h Other scheme
|i book
|k 46:3(1985:9)-46:4(1985:12), 47:1(1986:Spr.)-49:2(1988:Summ.)
|m 0194493
|
| 952 |
f |
f |
|p Can circulate
|a CAVAL
|b CAVAL
|c CAVAL
|d CARM 1 Store
|e D04928
|f A2:AN36E0
|h Other scheme
|i book
|k 44:1(1983:3)-46:2(1985:6)
|m 0194494
|
| 952 |
f |
f |
|p Can circulate
|a CAVAL
|b CAVAL
|c CAVAL
|d CARM 1 Store
|e D04910
|f A2:AN28D0
|h Other scheme
|i book
|k 49:3(1988:Fall)-49:4(1988:Win.)
|m 0194495
|